Oficiales y soldados en el ejercito de América / (Record no. 158644)

MARC details
000 -LEADER
fixed length control field 00613nam a22001697a 4500
005 - DATE AND TIME OF LATEST TRANSACTION
control field 20211103132030.0
008 - FIXED-LENGTH DATA ELEMENTS--GENERAL INFORMATION
fixed length control field 211103b sp ||||| |||| 00| 0 spa d
020 ## - INTERNATIONAL STANDARD BOOK NUMBER
International Standard Book Number 8400053796
050 04 - LIBRARY OF CONGRESS CALL NUMBER
Classification number F1412
Item number M37 1983
100 1# - MAIN ENTRY--PERSONAL NAME
Personal name Marchena Fernández, Juan
245 10 - TITLE STATEMENT
Title Oficiales y soldados en el ejercito de América /
Statement of responsibility, etc Juan Marchena Fernández
260 ## - PUBLICATION, DISTRIBUTION, ETC. (IMPRINT)
Place of publication, distribution, etc Sevilla :
Name of publisher, distributor, etc Escuela de Estudios Hispano Americanos,
Date of publication, distribution, etc 1983
300 ## - PHYSICAL DESCRIPTION
Extent XVIII, 399 p. :
Other physical details ilustraciones,
Dimensions 24 cm.
651 #7 - SUBJECT ADDED ENTRY--GEOGRAPHIC NAME
Source of heading or term lemb
Geographic name América Latina
General subdivision Ejércitos
-- Historia
651 #7 - SUBJECT ADDED ENTRY--GEOGRAPHIC NAME
Source of heading or term lemb
Geographic name España
General subdivision Colonias
Geographic subdivision America
General subdivision Defensa
942 ## - ADDED ENTRY ELEMENTS (KOHA)
Source of classification or shelving scheme Biblioteca del Cogreso de los Estados Unidos
Koha item type Libro
Holdings
Estado de pérdida Fuente de clasificación Estado del daño No para préstamo Ubicación permanente Ubicación actual Apartado o colección Fecha de adquisición Edición Dependencia de educación superior (DES) Área del conocimiento Total Checkouts Clasificación Código de Barras Date last seen Número de copia Costo por reposición Tipo de recurso
  Biblioteca del Cogreso de los Estados Unidos     Biblioteca del Instituto de Investigaciones Históricas Biblioteca del Instituto de Investigaciones Históricas General 03/11/2021 1a ed. Humanidades Ciencias Sociales y Administrativas   F1412 M37 1983 IIH000031633 03/11/2021 C:1 1.00 Libro
  Biblioteca del Cogreso de los Estados Unidos     Biblioteca del Instituto de Investigaciones Históricas Biblioteca del Instituto de Investigaciones Históricas General 03/11/2021 1a ed. Humanidades Ciencias Sociales y Administrativas   F1412 M37 1983 IIH000031634 03/11/2021 C:2 1.00 Libro